Система автономного освещения для регионов Сибири; Энергетика: эффективность, надежность, безопасность; Т. 1

Bibliografische gegevens
Parent link:Энергетика: эффективность, надежность, безопасность: сборник трудов XIX Всероссийской научно-технической конференции, 4-6 декабря 2013 г., Томск/ Национальный исследовательский Томский политехнический университет (ТПУ) [и др.].— , 2013
Т. 1.— 2013.— [С. 391-395]
Hoofdauteur: Майкова О. В.
Coauteur: Национальный исследовательский Томский политехнический университет (ТПУ) Институт неразрушающего контроля (ИНК) Кафедра информационно-измерительной техники (ИИТ)
Andere auteurs: Юрченко А. В. Алексей Васильевич
Samenvatting:Заглавие с титульного экрана
Taal:Russisch
Gepubliceerd in: 2013
Reeks:Эффективность теплоэнергетических установок и систем
Onderwerpen:
Online toegang:http://www.lib.tpu.ru/fulltext/c/2013/C15/V1/139.pdf
Formaat: Elektronisch Hoofdstuk
KOHA link:https://koha.lib.tpu.ru/cgi-bin/koha/opac-detail.pl?biblionumber=604101

MARC

LEADER 00000naa2a2200000 4500
001 604101
005 20260205144047.0
035 |a (RuTPU)RU\TPU\conf\1353 
035 |a RU\TPU\conf\1352 
090 |a 604101 
100 |a 20140220d2013 k y0rusy50 ca 
101 0 |a rus 
102 |a RU 
135 |a drnn ---uucaa 
181 0 |a i  
182 0 |a b 
200 1 |a Система автономного освещения для регионов Сибири  |f О. В. Майкова, А. В. Юрченко 
203 |a Текст  |c электронный 
225 1 |a Эффективность теплоэнергетических установок и систем 
300 |a Заглавие с титульного экрана 
320 |a [Библиогр.: с. 395 (9 назв.)] 
337 |a Adobe Reader 
461 1 |0 (RuTPU)RU\TPU\conf\562  |t Энергетика: эффективность, надежность, безопасность  |o сборник трудов XIX Всероссийской научно-технической конференции, 4-6 декабря 2013 г., Томск  |o в 2 т.  |f Национальный исследовательский Томский политехнический университет (ТПУ) [и др.]  |d 2013 
463 1 |0 (RuTPU)RU\TPU\conf\563  |t Т. 1  |f под ред. В. В. Литвака [и др.]  |v [С. 391-395]  |d 2013 
601 0 2 |a Бийская ТЭЦ-1 
610 1 |a труды учёных ТПУ 
610 1 |a электронный ресурс 
610 1 |a Сибирь 
610 1 |a источники энергии 
610 1 |a системы освещения 
610 1 |a автономное освещение 
700 1 |a Майкова  |b О. В. 
701 1 |a Юрченко  |b А. В.  |c физик  |c профессор Томского политехнического университета, доктор технических наук  |f 1974-  |g Алексей Васильевич  |3 (RuTPU)RU\TPU\pers\25599  |9 11528 
712 0 2 |a Национальный исследовательский Томский политехнический университет (ТПУ)  |b Институт неразрушающего контроля (ИНК)  |b Кафедра информационно-измерительной техники (ИИТ)  |3 (RuTPU)RU\TPU\col\18718 
801 2 |a RU  |b 63413507  |c 20150402  |g RCR 
856 4 |u http://www.lib.tpu.ru/fulltext/c/2013/C15/V1/139.pdf 
942 |c CF